[Event "Banff op"]
[Site "Banff CAN"]
[Date "2022.11.11"]
[Round "2.18"]
[White "Doknjas, Neil"]
[Black "Taylor, Ashton"]
[Result "1-0"]
[WhiteElo "2241"]
[BlackElo "1926"]
[PlyCount "63"]
[EventDate "2022.11.11"]
[EventType "swiss"]
[EventRounds "6"]
[EventCountry "CAN"]

1. Nc3 e5 2. d4 exd4 3. Qxd4 Nc6 4. Qd1 Nf6 5. Bg5 Bb4 6. e3 h6 7. Bh4 g5 8.
Bg3 Ne4 9. Qd3 Nc5 10. Qd5 Qf6 11. Nge2 d6 12. O-O-O Be6 13. Qf3 Qg6 14. a3 Ba5
15. b4 Nxb4 16. axb4 Bxb4 17. Nd5 Ba3+ 18. Kb1 c6 19. Nc7+ Kd7 20. e4 Kxc7 21.
Bxd6+ Kc8 22. Qxa3 Nxe4 23. Nc3 Nxf2 24. Qa5 Ba2+ 25. Ka1 b6 26. Qa6+ Kd7 27.
Qb7+ Ke6 28. Qe7+ Kf5 29. g4+ Kxg4 30. Be2+ Kh4 31. Rd4+ Kh3 32. Bf1# 1-0

[Event "Banff op"]
[Site "Banff CAN"]
[Date "2022.11.11"]
[Round "2.19"]
[White "Koperski, Dustin"]
[Black "Wang, Paul"]
[Result "0-1"]
[WhiteElo "1949"]
[BlackElo "2131"]
[PlyCount "90"]
[EventDate "2022.11.11"]
[EventType "swiss"]
[EventRounds "6"]
[EventCountry "CAN"]

1. e4 e5 2. Nf3 Nc6 3. d4 exd4 4. Nxd4 Bb4+ 5. c3 Bc5 6. Be3 Bb6 7. Nxc6 bxc6
8. Bxb6 axb6 9. Bc4 Ne7 10. O-O O-O 11. Qf3 d5 12. exd5 cxd5 13. Rd1 Be6 14.
Bb3 Qc8 15. h3 c5 16. Nd2 Rd8 17. a3 Nc6 18. Qh5 g6 19. Qh6 Ne7 20. Bc2 Nf5 21.
Bxf5 Bxf5 22. Nf3 f6 23. Rd2 Ra7 24. Rad1 Rad7 25. Qf4 Kg7 26. Nh2 Qc6 27. Ng4
Bxg4 28. Qxg4 f5 29. Qf3 Qe6 30. Re2 Qf6 31. Red2 d4 32. cxd4 cxd4 33. Qb3 Qc6
34. Qb4 Qc5 35. Qxc5 bxc5 36. Kf1 c4 37. Rc1 Rc8 38. Rcd1 d3 39. Rc1 Kf6 40. f4
Ke6 41. g3 Kd5 42. Rxd3+ cxd3 43. Rxc8 Re7 44. Rc1 Kd4 45. b4 d2 0-1

[Event "Banff op"]
[Site "Banff CAN"]
[Date "2022.11.11"]
[Round "2.20"]
[White "Vasic, Maxim"]
[Black "Barbosa Landre, Geraldo"]
[Result "0-1"]
[WhiteElo "2119"]
[BlackElo "1852"]
[PlyCount "68"]
[EventDate "2022.11.11"]
[EventType "swiss"]
[EventRounds "6"]
[EventCountry "CAN"]

1. c4 e6 2. Nc3 d5 3. d4 Be7 4. cxd5 exd5 5. Nf3 c6 6. Qc2 g6 7. Bf4 Bf5 8. Qb3
Qb6 9. Qxb6 axb6 10. O-O-O Nd7 11. Rg1 h5 12. h3 b5 13. g4 hxg4 14. hxg4 Be6
15. a3 Ngf6 16. Ng5 Bxg4 17. f3 Bh5 18. Kc2 b4 19. axb4 Bxb4 20. Kb3 Bxc3 21.
bxc3 b5 22. Bd6 Nh7 23. Nh3 Nhf8 24. Nf4 Ne6 25. Nxe6 fxe6 26. Bh3 Kf7 27. Rg3
Ra4 28. Rd3 Nb6 29. e4 Re8 30. Rg1 Nc4 31. Bb4 Rea8 32. Re1 R8a6 33. exd5 cxd5
34. Re2 Ra1 0-1

[Event "Banff op"]
[Site "Banff CAN"]
[Date "2022.11.11"]
[Round "2.21"]
[White "Nechio, Douglas"]
[Black "Srinivasan, Hemant"]
[Result "0-1"]
[WhiteElo "1917"]
[BlackElo "2108"]
[PlyCount "62"]
[EventDate "2022.11.11"]
[EventType "swiss"]
[EventRounds "6"]
[EventCountry "CAN"]

1. e4 c6 2. Nc3 d5 3. Nf3 Bg4 4. exd5 cxd5 5. h3 Bxf3 6. Qxf3 Nf6 7. Bb5+ Nc6
8. d4 e6 9. O-O Be7 10. Ne2 O-O 11. c3 a6 12. Ba4 b5 13. Bc2 Qb6 14. Bf4 b4 15.
Ng3 Rfc8 16. Qd3 Na5 17. Be5 g6 18. Rab1 Nc4 19. Bf4 bxc3 20. bxc3 Qa5 21. Rb7
Bd6 22. Bg5 Ne4 23. Nxe4 dxe4 24. Qxe4 Qxg5 25. f4 Qd5 26. Re1 Rab8 27. Ra7
Qxe4 28. Rxe4 Nd2 29. Re2 Bxf4 30. Rxa6 Rxc3 31. Ba4 Rb1+ 0-1

[Event "Banff op"]
[Site "Banff CAN"]
[Date "2022.11.11"]
[Round "2.22"]
[White "Xie, Tao"]
[Black "Van den Born, Ico"]
[Result "1-0"]
[WhiteElo "1838"]
[BlackElo "2074"]
[PlyCount "99"]
[EventDate "2022.11.11"]
[EventType "swiss"]
[EventRounds "6"]
[EventCountry "CAN"]

1. e4 e6 2. d4 d5 3. Nd2 c5 4. Ngf3 cxd4 5. exd5 Qxd5 6. Bc4 Qd6 7. O-O Nc6 8.
Nb3 Bd7 9. Nbxd4 Nxd4 10. Qxd4 Qxd4 11. Nxd4 a6 12. b3 Be7 13. Bb2 Bf6 14. Rad1
Ne7 15. Ba3 O-O-O 16. Rfe1 Nc6 17. Nf3 g5 18. Nd2 Bc3 19. Re3 Bd4 20. Rg3 Be8
21. Ne4 b5 22. Be2 h6 23. c3 Be5 24. Nd6+ Rxd6 25. Bxd6 Bxg3 26. hxg3 f5 27. a4
Na5 28. axb5 axb5 29. b4 Nb7 30. c4 bxc4 31. Bxc4 Bd7 32. Ba6 Bc6 33. Rc1 Kd7
34. Be5 Rc8 35. Bg7 h5 36. Bh6 g4 37. Rd1+ Ke8 38. Rc1 Kd7 39. Bf4 Bd5 40. Bb5+
Bc6 41. Ba6 Bd5 42. Rd1 Ke8 43. Rxd5 exd5 44. Bxb7 Rd8 45. Kf1 Kf7 46. b5 d4
47. Ke2 d3+ 48. Kd2 Ke6 49. b6 Rd4 50. Bc8+ 1-0

[Event "Banff op"]
[Site "Banff CAN"]
[Date "2022.11.11"]
[Round "2.23"]
[White "Bai, Jinghui"]
[Black "Darvekar, Yash"]
[Result "1-0"]
[WhiteElo "2026"]
[BlackElo "1840"]
[PlyCount "55"]
[EventDate "2022.11.11"]
[EventType "swiss"]
[EventRounds "6"]
[EventCountry "CAN"]

1. c4 c6 2. Nc3 d5 3. cxd5 cxd5 4. d4 Nc6 5. Bf4 a6 6. e3 Nf6 7. Bd3 Bg4 8. f3
Bh5 9. Qb3 Na5 10. Qa4+ b5 11. Bxb5+ axb5 12. Nxb5 Nc6 13. Qxa8 Qxa8 14. Nc7+
Kd7 15. Nxa8 e6 16. Nb6+ Ke8 17. Rc1 Nb4 18. Rc8+ Ke7 19. a4 Nd7 20. Rc7 Nd3+
21. Kd2 Nf2 22. Rxd7+ Ke8 23. a5 Bb4+ 24. Ke2 Nxh1 25. a6 Ba5 26. a7 Bxb6 27.
a8=Q+ Kxd7 28. Qxh8 1-0

[Event "Banff op"]
[Site "Banff CAN"]
[Date "2022.11.11"]
[Round "2.24"]
[White "Timmerman, Brian"]
[Black "Zacharias, Nicholas"]
[Result "0-1"]
[WhiteElo "2009"]
[BlackElo "1781"]
[PlyCount "52"]
[EventDate "2022.11.11"]
[EventType "swiss"]
[EventRounds "6"]
[EventCountry "CAN"]

1. e4 c5 2. Nf3 Nc6 3. d4 cxd4 4. Nxd4 Nf6 5. Nc3 d6 6. Bc4 e6 7. O-O Be7 8.
Be3 O-O 9. Bb3 Nxd4 10. Bxd4 b5 11. Nxb5 Nxe4 12. Nxa7 Bb7 13. Nb5 Bf6 14. Bxf6
gxf6 15. Nd4 Kh8 16. Bxe6 fxe6 17. Nxe6 Qb6 18. Nxf8 Rxf8 19. Qd3 Rg8 20. Qe3
Ng5 21. h4 Nf3+ 22. Kh1 Nxh4 23. Rg1 Qc6 24. f3 Nf5 25. Qe6 Rg6 26. Raf1 Qxc2
0-1

[Event "Banff op"]
[Site "Banff CAN"]
[Date "2022.11.11"]
[Round "2.25"]
[White "Chen, Ricky"]
[Black "Cheng, Louis"]
[Result "1-0"]
[WhiteElo "1764"]
[BlackElo "2002"]
[PlyCount "113"]
[EventDate "2022.11.11"]
[EventType "swiss"]
[EventRounds "6"]
[EventCountry "CAN"]

1. e4 c5 2. Nf3 d6 3. c3 Nf6 4. Be2 e6 5. O-O Be7 6. Re1 O-O 7. Bf1 Qc7 8. d4
e5 9. h3 Bd7 10. Nbd2 cxd4 11. cxd4 Nc6 12. d5 Nb4 13. Nc4 Na6 14. Bg5 b5 15.
Ncd2 Qb7 16. Nh2 Nxd5 17. Bxe7 Nxe7 18. Ndf3 Qb6 19. Nxe5 Bxh3 20. Qh5 dxe5 21.
Qxh3 Rfd8 22. Nf3 Ng6 23. Rad1 Nc5 24. Qf5 f6 25. b4 Nb7 26. Rd7 Qc6 27. Red1
Nf8 28. Nxe5 Qe6 29. Qxe6+ Nxe6 30. Nc6 Rxd7 31. Rxd7 Ned8 32. Bxb5 Kf8 33. Bc4
Nxc6 34. Rf7+ Ke8 35. Rxb7 Ne7 36. f3 g5 37. a4 h5 38. Kf2 h4 39. Ke3 Rc8 40.
Be6 Ra8 41. b5 Kf8 42. f4 gxf4+ 43. Kxf4 Rd8 44. Rd7 Rxd7 45. Bxd7 Kf7 46. Kg4
Ng6 47. Bf5 Ne5+ 48. Kxh4 Ke7 49. Kh5 Kd6 50. Kh6 Nc4 51. Kg7 Ke5 52. g4 Nb6
53. a5 Nc4 54. a6 Nb6 55. Kf7 Nc4 56. Ke7 Nd6 57. b6 1-0

[Event "Banff op"]
[Site "Banff CAN"]
[Date "2022.11.11"]
[Round "2.26"]
[White "Wu, Jonathan"]
[Black "Ming, Jerry"]
[Result "1/2-1/2"]
[WhiteElo "1989"]
[BlackElo "1731"]
[PlyCount "21"]
[EventDate "2022.11.11"]
[EventType "swiss"]
[EventRounds "6"]
[EventCountry "CAN"]

1. e4 c5 2. Nc3 Nc6 3. Bb5 Nd4 4. Nf3 e6 5. Nxd4 cxd4 6. Ne2 Qg5 7. Nxd4 Qc5 8.
Nxe6 fxe6 9. a4 a6 10. d4 Qc7 11. Bd3 1/2-1/2

[Event "Banff op"]
[Site "Banff CAN"]
[Date "2022.11.12"]
[Round "3.1"]
[White "De Firmian, Nick"]
[Black "Arruebarrena, Rafael"]
[Result "1-0"]
[WhiteElo "2550"]
[BlackElo "2238"]
[PlyCount "53"]
[EventDate "2022.11.11"]
[EventType "swiss"]
[EventRounds "6"]
[EventCountry "CAN"]

1. e4 c5 2. Nf3 e6 3. d4 cxd4 4. Nxd4 Nc6 5. Nc3 Qc7 6. g3 a6 7. Bg2 Nf6 8. O-O
Nxd4 9. Qxd4 Bc5 10. Bf4 d6 11. Qd3 Nd7 12. Na4 e5 13. Bd2 Bd4 14. c3 Ba7 15.
b3 Nc5 16. Nxc5 Bxc5 17. Kh1 Be6 18. f4 f6 19. Qe2 O-O 20. Rad1 b5 21. h4 Rad8
22. Kh2 Qc8 23. Bc1 Kh8 24. f5 Bf7 25. g4 Qb7 26. g5 d5 27. exd5 {illisible}
1-0

[Event "Banff op"]
[Site "Banff CAN"]
[Date "2022.11.12"]
[Round "3.2"]
[White "Nones, Teodulfo II"]
[Black "Kostadinov, Georgi"]
[Result "1-0"]
[WhiteElo "2347"]
[BlackElo "2185"]
[PlyCount "93"]
[EventDate "2022.11.11"]
[EventType "swiss"]
[EventRounds "6"]
[EventCountry "CAN"]

1. g3 d5 2. Bg2 Nf6 3. d3 e6 4. Nd2 c5 5. e4 Nc6 6. Ngf3 Be7 7. O-O O-O 8. Re1
b6 9. e5 Nd7 10. Nf1 f6 11. exf6 Bxf6 12. Ne3 Nde5 13. Nxe5 Nxe5 14. f4 Nc6 15.
Kh1 Rb8 16. Ng4 Qd6 17. c3 b5 18. Qe2 b4 19. Nxf6+ Rxf6 20. f5 Bd7 21. Bf4 e5
22. Bxe5 Nxe5 23. Qxe5 Qxe5 24. Rxe5 Bxf5 25. Rxd5 bxc3 26. bxc3 Rb2 27. Rf1
Bg6 28. Rxf6 gxf6 29. Be4 Bxe4+ 30. dxe4 Rxa2 31. Rxc5 Kf7 32. h4 Kg6 33. Kg1
a5 34. Kf1 a4 35. Ra5 a3 36. c4 Kf7 37. Ra7+ Ke6 38. Ra5 Kd6 39. Ke1 Kc6 40. c5
h6 41. Kf1 Rd2 42. Rxa3 Kxc5 43. Ra6 Rb2 44. Rxf6 Kd4 45. Rxh6 Kxe4 46. Rf6 Ke5
47. Rf2 1-0

[Event "Banff op"]
[Site "Banff CAN"]
[Date "2022.11.12"]
[Round "3.3"]
[White "Yang, Jingyun (Ryan)"]
[Black "Kaufman, Raymond"]
[Result "0-1"]
[WhiteElo "2237"]
[BlackElo "2340"]
[PlyCount "134"]
[EventDate "2022.11.11"]
[EventType "swiss"]
[EventRounds "6"]
[EventCountry "CAN"]

1. Nf3 Nf6 2. g3 d5 3. Bg2 c5 4. O-O e6 5. c4 d4 6. d3 Nc6 7. Bf4 Bd6 8. Bxd6
Qxd6 9. Nbd2 h6 10. a3 a5 11. Ne4 Nxe4 12. dxe4 e5 13. Ne1 O-O 14. Nd3 Be6 15.
Rc1 a4 16. f4 f6 17. fxe5 Nxe5 18. Nxe5 Qxe5 19. Qd3 Ra6 20. e3 Rd8 21. exd4
Qxd4+ 22. Qxd4 Rxd4 23. e5 fxe5 24. Rfe1 Rxc4 25. Rxc4 Bxc4 26. Bxb7 Rb6 27.
Bf3 Rxb2 28. Rxe5 Rb3 29. Rxc5 Be6 30. Bd5 Bxd5 31. Rxd5 Rxa3 32. Ra5 Ra2 33.
Ra7 Kf8 34. Kh1 a3 35. Kg1 g5 36. h4 g4 37. Kh1 Ke8 38. Ra6 Kd7 39. Rxh6 Rb2
40. Rh7+ Ke6 41. Rh6+ Kf5 42. Rh5+ Ke4 43. Rg5 a2 44. Rxg4+ Kf3 45. Ra4 Rb1+
46. Kh2 a1=Q 47. Rxa1 Rxa1 48. h5 Kg4 49. h6 Ra6 50. h7 Rh6+ 51. Kg2 Rxh7 52.
Kf2 Rh2+ 53. Ke3 Kxg3 54. Ke4 Re2+ 55. Kd4 Kf4 56. Kd5 Re4 57. Kd6 Re5 58. Kc6
Ke4 59. Kd6 Kd4 60. Kc6 Rd5 61. Kb6 Rc5 62. Kb7 Kd5 63. Kb6 Kd6 64. Ka6 Kc6 65.
Ka7 Ra5+ 66. Kb8 Ra1 67. Kc8 Ra8# 0-1

[Event "Banff op"]
[Site "Banff CAN"]
[Date "2022.11.12"]
[Round "3.4"]
[White "Findlay, Ian"]
[Black "Lin, Leo"]
[Result "0-1"]
[WhiteElo "2304"]
[BlackElo "2130"]
[PlyCount "116"]
[EventDate "2022.11.11"]
[EventType "swiss"]
[EventRounds "6"]
[EventCountry "CAN"]

1. e4 Nf6 2. e5 Nd5 3. d4 d6 4. Nf3 g6 5. Bc4 Nb6 6. Bb3 Bg7 7. Qe2 Nc6 8. a4
a5 9. c3 dxe5 10. dxe5 Bf5 11. Na3 Qd7 12. Bf4 O-O 13. Rd1 Qc8 14. Nb5 Bg4 15.
e6 Bxe6 16. Bxe6 Qxe6 17. Qxe6 fxe6 18. Bxc7 Nxa4 19. Rd2 Rf5 20. Nfd4 Nxd4 21.
Nxd4 Bxd4 22. Rxd4 Nxb2 23. Ke2 Rc5 24. Rb1 Rxc7 25. Rxb2 a4 26. Kd2 a3 27. Ra2
Rc5 28. Rb4 Ra7 29. Kc2 Kf7 30. Kb3 Rca5 31. Rf4+ Kg7 32. Rb4 Kf6 33. Rf4+ Kg5
34. Rf7 Rb5+ 35. Kc2 Rf5 36. Rxe7 Rxf2+ 37. Kb3 Rxa2 38. Kxa2 Kf6 39. Rxh7 e5
40. Rh8 Ra4 41. Rf8+ Ke7 42. Rb8 Ra7 43. Rg8 Kf7 44. Rd8 Ke6 45. g4 e4 46. Rg8
Kd5 47. Rxg6 b5 48. Rg5+ Kc4 49. Re5 Kxc3 50. Rxe4 b4 51. Re3+ Kc4 52. Re4+ Kb5
53. g5 Rf7 54. Rg4 Rf2+ 55. Ka1 b3 56. Rg1 a2 57. g6 Kb4 58. g7 Ka3 0-1

[Event "Banff op"]
[Site "Banff CAN"]
[Date "2022.11.12"]
[Round "3.5"]
[White "Rekhson, Vladislav"]
[Black "Khodjimatov, Sherzod"]
[Result "0-1"]
[WhiteElo "2122"]
[BlackElo "2282"]
[PlyCount "118"]
[EventDate "2022.11.11"]
[EventType "swiss"]
[EventRounds "6"]
[EventCountry "CAN"]

1. e4 e5 2. Nf3 Nc6 3. Bc4 Nf6 4. d3 Bc5 5. c3 O-O 6. Nbd2 d5 7. Bb3 Re8 8. O-O
h6 9. h3 Be6 10. Re1 a6 11. exd5 Bxd5 12. Ne4 Bxb3 13. Qxb3 Na5 14. Qa4 Bb6 15.
Be3 Nd5 16. Bxb6 cxb6 17. d4 b5 18. Qd1 f5 19. Ng3 e4 20. Ne5 Rf8 21. a4 Kh7
22. axb5 axb5 23. Qe2 b4 24. c4 Nf4 25. Qd2 Nb3 26. Rxa8 Nxd2 27. Rxd8 Rxd8 28.
d5 Ng6 29. Nxg6 Kxg6 30. b3 Rd7 31. f3 exf3 32. Re6+ Kg5 33. gxf3 Nxf3+ 34. Kf2
Nd4 35. Rb6 Nxb3 36. Rxb4 Nc5 37. Rb5 Nd3+ 38. Kf3 Ne5+ 39. Ke3 Nxc4+ 40. Kd4
Nd6 41. Rb1 f4 42. Ne4+ Nxe4 43. Kxe4 Re7+ 44. Kd4 Kf5 45. d6 Rd7 46. Kd5 g5
47. Rc1 b5 48. Rc7 Rd8 49. Rb7 g4 50. Rf7+ Kg5 51. h4+ Kxh4 52. Rxf4 Kh3 53.
Ke6 g3 54. Ke7 Ra8 55. d7 g2 56. Rf8 Ra7 57. Rg8 h5 58. Ke6 Rxd7 59. Kxd7 Kh2
0-1

[Event "Banff op"]
[Site "Banff CAN"]
[Date "2022.11.12"]
[Round "3.6"]
[White "Yearwood, Roy"]
[Black "Miller, David"]
[Result "1-0"]
[WhiteElo "2032"]
[BlackElo "2237"]
[PlyCount "132"]
[EventDate "2022.11.11"]
[EventType "swiss"]
[EventRounds "6"]
[EventCountry "CAN"]

1. e4 c5 2. Nf3 d6 3. c3 Nf6 4. Bd3 Nc6 5. O-O Bg4 6. Re1 g6 7. h3 Bxf3 8. Qxf3
Bg7 9. Bb5 Nd7 10. Qg3 Qb6 11. Na3 O-O 12. h4 a6 13. Be2 Qc7 14. Nc4 b5 15. Ne3
c4 16. d4 cxd3 17. Bxd3 Nc5 18. Bc2 e6 19. h5 b4 20. hxg6 hxg6 21. Ng4 bxc3 22.
bxc3 Rfe8 23. Bg5 Nd7 24. Rad1 Nce5 25. Nh6+ Bxh6 26. Bxh6 Rac8 27. Re3 Nc4 28.
e5 Ndxe5 29. Qh4 f5 30. Rh3 Kf7 31. Qf4 Rh8 32. Rg3 Rcg8 33. Rd4 Nb6 34. Bb3
Nbd7 35. Qd2 Nc5 36. Bf4 Ne4 37. Qe1 Nxg3 38. Bxg3 Rh5 39. Qd2 Rgh8 40. f3 Qc5
41. Kf1 Rd8 42. Qe2 Rh1+ 43. Kf2 Qb5 44. Bxe5 Qxe2+ 45. Kxe2 d5 46. c4 Rb1 47.
cxd5 exd5 48. Rxd5 Rxd5 49. Bxd5+ Ke7 50. Bc4 Rb6 51. f4 Rb4 52. Kd3 Rb6 53.
Kc3 Rc6 54. Kb4 a5+ 55. Kb5 Rc8 56. Bb3 Ra8 57. a4 Ra7 58. Bd5 Rd7 59. Kc6 Ra7
60. g3 Rd7 61. Bc7 Ke8 62. Bxa5 Ra7 63. Kb6 Re7 64. Bc6+ Kf7 65. Bb4 Re3 66. a5
Rb3 1-0

[Event "Banff op"]
[Site "Banff CAN"]
[Date "2022.11.12"]
[Round "3.7"]
[White "Taylor, Tristan"]
[Black "Kim, Noah"]
[Result "1/2-1/2"]
[WhiteElo "2020"]
[BlackElo "2069"]
[PlyCount "130"]
[EventDate "2022.11.11"]
[EventType "swiss"]
[EventRounds "6"]
[EventCountry "CAN"]

1. e4 c6 2. Nc3 d5 3. Nf3 dxe4 4. Nxe4 Nf6 5. Qe2 Nxe4 6. Qxe4 Qd5 7. Qf4 Qe6+
8. Be2 Nd7 9. d4 g6 10. Be3 Nf6 11. c4 Bg7 12. O-O O-O 13. Rad1 Qg4 14. h3 Qxf4
15. Bxf4 e6 16. Ne5 Nd7 17. Bf3 Nxe5 18. dxe5 f6 19. Rfe1 fxe5 20. Bxe5 Bxe5
21. Rxe5 Kf7 22. Bg4 h5 23. Be2 Kf6 24. f4 Rf7 25. Kf2 Ke7 26. Ke3 Bd7 27. Bd3
Rf6 28. g3 Raf8 29. h4 Rd8 30. Rc1 Be8 31. Be4 Rf8 32. b4 Rc8 33. a4 Kf6 34.
Rd1 Ke7 35. Ra1 a6 36. Rc1 Rc7 37. Rc5 Bf7 38. b5 Kd6 39. Rg5 axb5 40. cxb5 Ra8
41. bxc6 bxc6 42. Rd1+ Ke7 43. Bxg6 Rxa4 44. Bxf7 Kxf7 45. Rxh5 Kg6 46. Rc5 Kf6
47. Kf3 Ra3+ 48. Kg4 Rb3 49. Rdc1 Rd3 50. h5 Rb3 51. Rg5 Rd3 52. Kh4 Rd2 53.
Rg6+ Kf7 54. Rh6 Rc8 55. g4 c5 56. Kg5 Rd5+ 57. f5 exf5 58. gxf5 c4 59. Rf6+
Kg7 60. h6+ Kg8 61. Kg6 Rd2 62. Re6 Rg2+ 63. Kf6 Rf8+ 64. Ke5 Re2+ 65. Kd6 Rd2+
1/2-1/2

[Event "Banff op"]
[Site "Banff CAN"]
[Date "2022.11.12"]
[Round "3.8"]
[White "Xu, Andrew"]
[Black "Ng, Gary"]
[Result "0-1"]
[WhiteElo "1962"]
[BlackElo "2378"]
[PlyCount "70"]
[EventDate "2022.11.11"]
[EventType "swiss"]
[EventRounds "6"]
[EventCountry "CAN"]

1. e4 c6 2. d4 d5 3. Nc3 dxe4 4. Nxe4 Bf5 5. Ng3 Bg6 6. h4 h6 7. Nf3 Nd7 8. h5
Bh7 9. Bd3 Bxd3 10. Qxd3 e6 11. Bf4 Qa5+ 12. Bd2 Bb4 13. c3 Be7 14. c4 Qa6 15.
Qe2 Ngf6 16. Bc3 O-O 17. Nd2 c5 18. Nge4 cxd4 19. Bxd4 Rfd8 20. Bc3 Rac8 21. b3
Nxe4 22. Nxe4 Nc5 23. Qg4 Bf8 24. O-O Nxe4 25. Qxe4 b5 26. cxb5 Qxb5 27. Bd4
Qb4 28. Rfd1 Bc5 29. Rac1 Bxd4 30. Rxc8 Rxc8 31. Rxd4 Qa5 32. Qe2 Rc1+ 33. Kh2
Re1 34. Qg4 Re5 35. Kg3 Rg5 0-1

[Event "Banff op"]
[Site "Banff CAN"]
[Date "2022.11.12"]
[Round "3.9"]
[White "Hoekman, Samuel"]
[Black "Doknjas, Neil"]
[Result "0-1"]
[WhiteElo "1857"]
[BlackElo "2241"]
[PlyCount "42"]
[EventDate "2022.11.11"]
[EventType "swiss"]
[EventRounds "6"]
[EventCountry "CAN"]

1. d4 Nf6 2. c4 e6 3. g3 d5 4. Bg2 Be7 5. Nf3 O-O 6. O-O dxc4 7. Qc2 b5 8. a4
b4 9. Nfd2 Nd5 10. Nxc4 c5 11. dxc5 Ba6 12. Ne3 Nd7 13. Rd1 Bxc5 14. Nxd5 exd5
15. Rxd5 Rc8 16. Qd1 Qf6 17. e3 Nb6 18. Rh5 g6 19. Rh4 Rfd8 20. Qf3 Be7 21. Rf4
Rxc1+ 0-1

[Event "Banff op"]
[Site "Banff CAN"]
[Date "2022.11.12"]
[Round "3.11"]
[White "Malek, Omid"]
[Black "Wu, Nathan"]
[Result "1/2-1/2"]
[WhiteElo "2190"]
[BlackElo "1842"]
[PlyCount "112"]
[EventDate "2022.11.11"]
[EventType "swiss"]
[EventRounds "6"]
[EventCountry "CAN"]

1. e4 d5 2. exd5 Qxd5 3. Nc3 Qd6 4. d4 Nf6 5. Nf3 Bg4 6. h3 Bh5 7. g4 Bg6 8.
Bg2 c6 9. Ne5 Nbd7 10. f4 e6 11. O-O Be7 12. Be3 Qc7 13. h4 h5 14. g5 Nxe5 15.
fxe5 Nd5 16. Nxd5 cxd5 17. c4 Qxc4 18. Rc1 Qd3 19. Qf3 O-O 20. Rfd1 Qb5 21. Qf2
Rac8 22. Bf1 Qa5 23. a3 Qa4 24. Qd2 Bc2 25. Re1 Qb3 26. Re2 Bf5 27. Ree1 a6 28.
Be2 g6 29. Rxc8 Rxc8 30. Rc1 Rxc1+ 31. Qxc1 Bd8 32. Qc3 Qxc3 33. bxc3 b5 34.
Kf2 Kf8 35. Ke1 Ke8 36. Bc1 Be7 37. Kd2 Kd7 38. Bd1 Kc6 39. Bb2 Bb1 40. Bb3 Kb6
41. Bc1 a5 42. Bb2 Bf8 43. Bd1 Ba2 44. Bc2 Bc4 45. Bd1 Be7 46. Bc2 Bf1 47. Ke1
Bc4 48. Kd2 b4 49. cxb4 axb4 50. axb4 Bxb4+ 51. Bc3 Kb5 52. Bd1 Be7 53. Ke3 Bd8
54. Bc2 Bb6 55. Kd2 Bf1 56. Bb3 Bc4 1/2-1/2

[Event "Banff op"]
[Site "Banff CAN"]
[Date "2022.11.12"]
[Round "3.12"]
[White "Wang, Paul"]
[Black "Xie, Tao"]
[Result "1-0"]
[WhiteElo "2131"]
[BlackElo "1838"]
[PlyCount "113"]
[EventDate "2022.11.11"]
[EventType "swiss"]
[EventRounds "6"]
[EventCountry "CAN"]

1. e4 e6 2. d4 d5 3. Nc3 Nf6 4. e5 Nfd7 5. f4 c5 6. Nf3 Nc6 7. Be3 a6 8. Qd2 b5
9. dxc5 Bxc5 10. Bxc5 Nxc5 11. Nd4 Qb6 12. O-O-O b4 13. Nce2 Ne4 14. Qe1 O-O
15. Nxc6 Qxc6 16. Nd4 Qa4 17. Kb1 Rb8 18. Nb3 Bb7 19. Bd3 Rfc8 20. g4 Qe8 21.
Qxb4 Nf2 22. Qd4 Nxh1 23. Rxh1 Qd8 24. h4 a5 25. f5 a4 26. Nc5 Qb6 27. Nxe6
Qxd4 28. Nxd4 Re8 29. Re1 Ra8 30. Bb5 Re7 31. e6 fxe6 32. fxe6 Bc8 33. Bc6 Ra5
34. b4 axb3 35. axb3 Rc5 36. b4 Rc4 37. Nf5 Rxb4+ 38. Kc1 Rxe6 39. Bxd5 Rbb6
40. Nd4 Kf7 41. Nxe6 Bxe6 42. Bxe6+ Rxe6 43. Rxe6 Kxe6 44. Kd2 Kd5 45. Kd3 g6
46. c4+ Ke5 47. g5 Ke6 48. Kd4 Kf5 49. c5 Kg4 50. c6 Kxh4 51. c7 Kxg5 52. c8=Q
h5 53. Ke4 Kh4 54. Kf3 g5 55. Qd8 Kh3 56. Qxg5 h4 57. Qg2# 1-0

[Event "Banff op"]
[Site "Banff CAN"]
[Date "2022.11.12"]
[Round "3.13"]
[White "Srinivasan, Hemant"]
[Black "Leong, Aiden"]
[Result "1-0"]
[WhiteElo "2108"]
[BlackElo "1779"]
[PlyCount "57"]
[EventDate "2022.11.11"]
[EventType "swiss"]
[EventRounds "6"]
[EventCountry "CAN"]

1. d4 Nf6 2. c4 e6 3. Nc3 Bb4 4. e3 b6 5. Bd3 Bb7 6. Nge2 d6 7. Qa4+ Nc6 8. d5
exd5 9. Nd4 Bxc3+ 10. bxc3 Qd7 11. Bf5 Qd8 12. Nxc6 Bxc6 13. Qxc6+ Ke7 14. cxd5
Re8 15. O-O Kf8 16. e4 Nxe4 17. Re1 Qh4 18. Bxe4 f5 19. Ba3 fxe4 20. Qxc7 Kg8
21. Qxd6 Rac8 22. Re3 Qg5 23. Rg3 Qd2 24. Qd7 g6 25. Rh3 h6 26. Rg3 g5 27. Qf5
Rc7 28. Qg6+ Rg7 29. Qxe8+ 1-0

[Event "Banff op"]
[Site "Banff CAN"]
[Date "2022.11.12"]
[Round "3.14"]
[White "Barbosa Landre, Geraldo"]
[Black "Dorn, Paris"]
[Result "1-0"]
[WhiteElo "1852"]
[BlackElo "2096"]
[PlyCount "65"]
[EventDate "2022.11.11"]
[EventType "swiss"]
[EventRounds "6"]
[EventCountry "CAN"]

1. d4 Nf6 2. Nf3 d5 3. c4 e6 4. cxd5 exd5 5. Nc3 c6 6. Bg5 Be7 7. Bxf6 Bxf6 8.
e3 O-O 9. b4 Re8 10. Qb3 Be6 11. Be2 Nd7 12. O-O Rc8 13. Rfc1 g6 14. a4 Kg7 15.
Ne1 b6 16. Ba6 Rb8 17. Qa3 c5 18. Nb5 cxd4 19. Nxd4 Bxd4 20. exd4 Nf6 21. Nf3
Ne4 22. Ne5 Qf6 23. Qe3 Bc8 24. Bb5 Rf8 25. Rc7 a6 26. Bd7 Qd6 27. Rac1 Bb7 28.
Bh3 Nf6 29. b5 axb5 30. axb5 Qb4 31. g3 Qxb5 32. Nxf7 Qe8 33. Nd6+ 1-0

[Event "Banff op"]
[Site "Banff CAN"]
[Date "2022.11.12"]
[Round "3.16"]
[White "Chandra, Anand Rishi"]
[Black "D'Souza, Carina"]
[Result "1/2-1/2"]
[WhiteElo "2063"]
[BlackElo "1794"]
[PlyCount "115"]
[EventDate "2022.11.11"]
[EventType "swiss"]
[EventRounds "6"]
[EventCountry "CAN"]

1. e4 c5 2. Nf3 d6 3. Bb5+ Bd7 4. Bxd7+ Qxd7 5. O-O Nc6 6. c3 Nf6 7. Re1 e6 8.
d4 cxd4 9. cxd4 d5 10. e5 Ne4 11. Nbd2 Nxd2 12. Bxd2 Bb4 13. Bxb4 Nxb4 14. a3
Nc6 15. b4 Rc8 16. Qd2 O-O 17. Qd3 h6 18. Nh4 Ne7 19. f4 Rc4 20. g4 Rfc8 21. f5
Rc3 22. Qf1 Qd8 23. Qf2 Rc2 24. Qf4 Nc6 25. Nf3 Rc3 26. Re3 Ne7 27. Ree1 R8c4
28. Rf1 Qb6 29. Rad1 Rxa3 30. Nh4 exf5 31. gxf5 f6 32. Ng6 Nc6 33. e6 Rxd4 34.
Rxd4 Qxd4+ 35. Qxd4 Nxd4 36. Kg2 Re3 37. h4 Nxe6 38. fxe6 Rxe6 39. Kf3 Re4 40.
Rb1 h5 41. Nf4 g5 42. hxg5 fxg5 43. Nxd5 Re6 44. Rg1 g4+ 45. Kf4 Kf7 46. Rc1
Rc6 47. Rh1 Rc4+ 48. Kf5 a5 49. Rxh5 axb4 50. Rh7+ Ke8 51. Rxb7 g3 52. Rg7 g2
53. Rxg2 Rc5 54. Rg7 Rxd5+ 55. Ke6 Kf8 56. Kxd5 Kxg7 57. Kc4 b3 58. Kxb3
1/2-1/2

[Event "Banff op"]
[Site "Banff CAN"]
[Date "2022.11.12"]
[Round "3.17"]
[White "Zacharias, Nicholas"]
[Black "Valentino, Marcos"]
[Result "1-0"]
[WhiteElo "1781"]
[BlackElo "2041"]
[PlyCount "43"]
[EventDate "2022.11.11"]
[EventType "swiss"]
[EventRounds "6"]
[EventCountry "CAN"]

1. e4 c6 2. d4 d5 3. f3 e6 4. Nc3 Bb4 5. a3 Bxc3+ 6. bxc3 dxe4 7. Nh3 exf3 8.
Qxf3 h6 9. Bd3 Qf6 10. Qg3 Ne7 11. Bf4 Nd7 12. O-O Nf5 13. Bxf5 Qxf5 14. Rae1
Qh7 15. Bd6 Nf6 16. Bb4 Bd7 17. c4 O-O-O 18. Ba5 b6 19. Rb1 Ne4 20. Qb3 Nd2 21.
Bxd2 Qe4 22. a4 1-0

[Event "Banff op"]
[Site "Banff CAN"]
[Date "2022.11.12"]
[Round "3.18"]
[White "Suominen, David"]
[Black "Chen, Ricky"]
[Result "1-0"]
[WhiteElo "2040"]
[BlackElo "1764"]
[PlyCount "89"]
[EventDate "2022.11.11"]
[EventType "swiss"]
[EventRounds "6"]
[EventCountry "CAN"]

1. Nf3 g6 2. c4 Bg7 3. d4 c5 4. g3 cxd4 5. Nxd4 Nc6 6. Nc2 Nf6 7. Bg2 d6 8. Nc3
Be6 9. b3 Ne4 10. Nxe4 Bxa1 11. Nxa1 Qd7 12. Bb2 O-O 13. Qd2 f6 14. O-O Bh3 15.
Rd1 Qf5 16. Qd5+ Qxd5 17. cxd5 Bxg2 18. Kxg2 Ne5 19. Nc2 Rfc8 20. Nd4 Nd7 21.
Rd2 Nc5 22. Nxc5 dxc5 23. Ne6 c4 24. Bd4 cxb3 25. axb3 b6 26. Bb2 Kf7 27. e4 h6
28. f4 g5 29. e5 gxf4 30. exf6 fxg3 31. hxg3 exf6 32. Rf2 Ke7 33. Bxf6+ Kd6 34.
Rd2 Rc1 35. Bb2 Rb1 36. Ba3+ Kd7 37. Nd4 Ra1 38. Bb2 Ra2 39. Nc6 a5 40. Ne5+
Kd6 41. Nc4+ Kc5 42. Bd4+ Kxd5 43. Nxb6+ Ke4 44. Rxa2 Rg8 45. Bf2 1-0